000 00675nam a2200205 i 4500
001 141425
003 ES-MaACL
005 20230906200306.0
007 t|
008 070924s1948 fr ||||1| fre d
080 _a308(=95)
080 _a321.17(=95)
100 1 _aVladimirtsov, B.
_9115630
245 1 3 _aLe régime social des mongols
_b: le féodalisme nomade /
_cB. Vladamirtsov ; préface par René Grousset ; traduction par Michel Carsow.
260 _aParis :
_bAdrien-Maisonneuve,
_c1948.
300 _aXVIII, 291 p., 1 map. pleg. ;
_c25 cm.
700 1 _aGrousset, René.
_960211
700 1 _aCarsow, Michel.
_935860
852 _aES-MaACL
_jL-12400
_bR.114787
999 _c141425
_d141425